Goethe'fchen Werke

Guardat en:
Dades bibliogràfiques
Autor principal: Goethe, Johann Wolfgang von, 1749-1832 (autor)
Format: Llibre
Idioma:alemany
Publicat: Stuttgart, Alemania C. Buchhandlung 1827
Matèries:
Etiquetes: Afegir etiqueta
Sense etiquetes, Sigues el primer a etiquetar aquest registre!

MARC

LEADER 00000nam a2200000 a 4500
001 UCJ7380
003 CL-VaPUC
005 20240410103218.0
008 070124e18270000GW |||||||||||||||||ger|d
999 |c 323470  |d 323468 
040 |c Pontificia Universidad Católica de Valparaíso 
082 0 4 |a 830 GOE 1827  |2 21 
100 |a Goethe, Johann Wolfgang von,  |d 1749-1832  |e autor  |9 265453 
245 1 0 |a Goethe'fchen Werke 
260 0 3 |a Stuttgart, Alemania  |b C. Buchhandlung  |c 1827 
300 |a 33 volúmenes. 
500 |a 60 tomos en 32 volúmenes más uno de índice general; faltan los vs. 1 y 2 
583 |a last modification  |c 20121004 11:38:01  |k Rodrigo Vera 
650 7 |a POESIA ALEMANA  |2 CL-VaPUC  |9 515721 
650 0 |a Novela alemana  |9 322037 
650 7 |a ENSAYO ALEMAN  |2 CL-VaPUC  |9 360298 
650 7 |a BIOGRAFIA  |2 CL-VaPUC  |9 504622 
650 0 |a Iconografía   |9 267998 
942 |c BK  |2 ddc 
945 |d 20070124 00:00:00  |a rinostro 
952 |0 0  |1 0  |4 0  |6 830_000000000000000_GOE_1827  |7 0  |8 X  |9 403090  |a FDOBUD  |b FDOBUD  |d 2019-11-22  |h v.5  |i 1062700  |o 830 GOE 1827  |p 1062700  |r 2019-11-22  |t 1  |w 2019-11-22  |y BK_X  |k BUD 
952 |0 0  |1 0  |4 0  |6 830_000000000000000_GOE_1827  |7 0  |8 X  |9 403091  |a FDOBUD  |b FDOBUD  |d 2019-11-22  |h v.7  |i 1062719  |o 830 GOE 1827  |p 1062719  |r 2019-11-22  |t 1  |w 2019-11-22  |y BK_X  |k BUD 
952 |0 0  |1 0  |4 0  |6 830_000000000000000_GOE_1827  |7 0  |8 X  |9 403092  |a FDOBUD  |b FDOBUD  |d 2019-11-22  |h v.9  |i 1062727  |o 830 GOE 1827  |p 1062727  |r 2019-11-22  |t 1  |w 2019-11-22  |y BK_X  |k BUD 
952 |0 0  |1 0  |4 0  |6 830_000000000000000_GOE_1827  |7 0  |8 X  |9 403093  |a FDOBUD  |b FDOBUD  |d 2019-11-22  |h v.11  |i 1062735  |o 830 GOE 1827  |p 1062735  |r 2019-11-22  |t 1  |w 2019-11-22  |y BK_X  |k BUD 
952 |0 0  |1 0  |4 0  |6 830_000000000000000_GOE_1827  |7 0  |8 X  |9 403094  |a FDOBUD  |b FDOBUD  |d 2019-11-22  |h v.12  |i 1062743  |o 830 GOE 1827  |p 1062743  |r 2019-11-22  |t 1  |w 2019-11-22  |y BK_X  |k BUD 
952 |0 0  |1 0  |4 0  |6 830_000000000000000_GOE_1827  |7 0  |8 X  |9 403095  |a FDOBUD  |b FDOBUD  |d 2019-11-22  |h v.14  |i 1062751  |o 830 GOE 1827  |p 1062751  |r 2019-11-22  |t 1  |w 2019-11-22  |y BK_X  |k BUD 
952 |0 0  |1 0  |4 0  |6 830_000000000000000_GOE_1827  |7 0  |8 X  |9 403096  |a FDOBUD  |b FDOBUD  |d 2019-11-22  |h v.16  |i 106276K  |o 830 GOE 1827  |p 106276K  |r 2019-11-22  |t 1  |w 2019-11-22  |y BK_X  |k BUD 
952 |0 0  |1 0  |4 0  |6 830_000000000000000_GOE_1827  |7 0  |8 X  |9 403097  |a FDOBUD  |b FDOBUD  |d 2019-11-22  |h v.18  |i 1062778  |o 830 GOE 1827  |p 1062778  |r 2019-11-22  |t 1  |w 2019-11-22  |y BK_X  |k BUD 
952 |0 0  |1 0  |4 0  |6 830_000000000000000_GOE_1827  |7 0  |8 X  |9 403098  |a FDOBUD  |b FDOBUD  |d 2019-11-22  |h v.20  |i 1062786  |o 830 GOE 1827  |p 1062786  |r 2019-11-22  |t 1  |w 2019-11-22  |y BK_X  |k BUD 
952 |0 0  |1 0  |4 0  |6 830_000000000000000_GOE_1827  |7 0  |8 X  |9 403099  |a FDOBUD  |b FDOBUD  |d 2019-11-22  |h v.22  |i 1062794  |o 830 GOE 1827  |p 1062794  |r 2019-11-22  |t 1  |w 2019-11-22  |y BK_X  |k BUD 
952 |0 0  |1 0  |4 0  |6 830_000000000000000_GOE_1827  |7 0  |8 X  |9 403100  |a FDOBUD  |b FDOBUD  |d 2019-11-22  |h v.24  |i 1062808  |o 830 GOE 1827  |p 1062808  |r 2019-11-22  |t 1  |w 2019-11-22  |y BK_X  |k BUD 
952 |0 0  |1 0  |4 0  |6 830_000000000000000_GOE_1827  |7 0  |8 X  |9 403101  |a FDOBUD  |b FDOBUD  |d 2019-11-22  |h v.26  |i 1062816  |o 830 GOE 1827  |p 1062816  |r 2019-11-22  |t 1  |w 2019-11-22  |y BK_X  |k BUD 
952 |0 0  |1 0  |4 0  |6 830_000000000000000_GOE_1827  |7 0  |8 X  |9 403102  |a FDOBUD  |b FDOBUD  |d 2019-11-22  |h v.27  |i 1062824  |o 830 GOE 1827  |p 1062824  |r 2019-11-22  |t 1  |w 2019-11-22  |y BK_X  |k BUD 
952 |0 0  |1 0  |4 0  |6 830_000000000000000_GOE_1827  |7 0  |8 X  |9 403103  |a FDOBUD  |b FDOBUD  |d 2019-11-22  |h v.29  |i 1062832  |o 830 GOE 1827  |p 1062832  |r 2019-11-22  |t 1  |w 2019-11-22  |y BK_X  |k BUD 
952 |0 0  |1 0  |4 0  |6 830_000000000000000_GOE_1827  |7 0  |8 X  |9 403104  |a FDOBUD  |b FDOBUD  |d 2019-11-22  |h v.31  |i 1062840  |o 830 GOE 1827  |p 1062840  |r 2019-11-22  |t 1  |w 2019-11-22  |y BK_X  |k BUD 
952 |0 0  |1 0  |4 0  |6 830_000000000000000_GOE_1827  |7 0  |8 X  |9 403105  |a FDOBUD  |b FDOBUD  |d 2019-11-22  |h v.33  |i 1062859  |o 830 GOE 1827  |p 1062859  |r 2019-11-22  |t 1  |w 2019-11-22  |y BK_X  |k BUD 
952 |0 0  |1 0  |4 0  |6 830_000000000000000_GOE_1827  |7 0  |8 X  |9 403106  |a FDOBUD  |b FDOBUD  |d 2019-11-22  |h v.34  |i 1062867  |o 830 GOE 1827  |p 1062867  |r 2019-11-22  |t 1  |w 2019-11-22  |y BK_X  |k BUD 
952 |0 0  |1 0  |4 0  |6 830_000000000000000_GOE_1827  |7 0  |8 X  |9 403107  |a FDOBUD  |b FDOBUD  |d 2019-11-22  |h v.37  |i 1062875  |o 830 GOE 1827  |p 1062875  |r 2019-11-22  |t 1  |w 2019-11-22  |y BK_X  |k BUD 
952 |0 0  |1 0  |4 0  |6 830_000000000000000_GOE_1827  |7 0  |8 X  |9 403108  |a FDOBUD  |b FDOBUD  |d 2019-11-22  |h v.38  |i 1062883  |o 830 GOE 1827  |p 1062883  |r 2019-11-22  |t 1  |w 2019-11-22  |y BK_X  |k BUD 
952 |0 0  |1 0  |4 0  |6 830_000000000000000_GOE_1827  |7 0  |8 X  |9 403109  |a FDOBUD  |b FDOBUD  |d 2019-11-22  |h v.40  |i 1062891  |o 830 GOE 1827  |p 1062891  |r 2019-11-22  |t 1  |w 2019-11-22  |y BK_X  |k BUD 
952 |0 0  |1 0  |4 0  |6 830_000000000000000_GOE_1827  |7 0  |8 X  |9 403110  |a FDOBUD  |b FDOBUD  |d 2019-11-22  |h v.41  |i 1062905  |o 830 GOE 1827  |p 1062905  |r 2019-11-22  |t 1  |w 2019-11-22  |y BK_X  |k BUD 
952 |0 0  |1 0  |4 0  |6 830_000000000000000_GOE_1827  |7 0  |8 X  |9 403111  |a FDOBUD  |b FDOBUD  |d 2019-11-22  |h v.42  |i 1062913  |o 830 GOE 1827  |p 1062913  |r 2019-11-22  |t 1  |w 2019-11-22  |y BK_X  |k BUD 
952 |0 0  |1 0  |4 0  |6 830_000000000000000_GOE_1827  |7 0  |8 X  |9 403112  |a FDOBUD  |b FDOBUD  |d 2019-11-22  |h v.46  |i 1062921  |o 830 GOE 1827  |p 1062921  |r 2019-11-22  |t 1  |w 2019-11-22  |y BK_X  |k BUD 
952 |0 0  |1 0  |4 0  |6 830_000000000000000_GOE_1827  |7 0  |8 X  |9 403113  |a FDOBUD  |b FDOBUD  |d 2019-11-22  |h v.50  |i 106293K  |o 830 GOE 1827  |p 106293K  |r 2019-11-22  |t 1  |w 2019-11-22  |y BK_X  |k BUD 
952 |0 0  |1 0  |4 0  |6 830_000000000000000_GOE_1827  |7 0  |8 X  |9 403114  |a FDOBUD  |b FDOBUD  |d 2019-11-22  |h v.48  |i 1062948  |o 830 GOE 1827  |p 1062948  |r 2019-11-22  |t 1  |w 2019-11-22  |y BK_X  |k BUD 
952 |0 0  |1 0  |4 0  |6 830_000000000000000_GOE_1827  |7 0  |8 X  |9 403115  |a FDOBUD  |b FDOBUD  |d 2019-11-22  |h v.52  |i 1062956  |o 830 GOE 1827  |p 1062956  |r 2019-11-22  |t 1  |w 2019-11-22  |y BK_X  |k BUD 
952 |0 0  |1 0  |4 0  |6 830_000000000000000_GOE_1827  |7 0  |8 X  |9 403116  |a FDOBUD  |b FDOBUD  |d 2019-11-22  |h v.54  |i 1062964  |o 830 GOE 1827  |p 1062964  |r 2019-11-22  |t 1  |w 2019-11-22  |y BK_X  |k BUD 
952 |0 0  |1 0  |4 0  |6 830_000000000000000_GOE_1827  |7 0  |8 X  |9 403117  |a FDOBUD  |b FDOBUD  |d 2019-11-22  |h v.56  |i 1062972  |o 830 GOE 1827  |p 1062972  |r 2019-11-22  |t 1  |w 2019-11-22  |y BK_X  |k BUD 
952 |0 0  |1 0  |4 0  |6 830_000000000000000_GOE_1827  |7 0  |8 X  |9 403118  |a FDOBUD  |b FDOBUD  |d 2019-11-22  |h v.59  |i 1062980  |o 830 GOE 1827  |p 1062980  |r 2019-11-22  |t 1  |w 2019-11-22  |y BK_X  |k BUD 
952 |0 0  |1 0  |4 0  |6 830_000000000000000_GOE_1827  |7 0  |8 X  |9 403119  |a FDOBUD  |b FDOBUD  |d 2019-11-22  |h v.44  |i 1062999  |o 830 GOE 1827  |p 1062999  |r 2019-11-22  |t 1  |w 2019-11-22  |y BK_X  |k BUD 
952 |0 0  |1 0  |4 0  |6 830_000000000000000_GOE_1827  |7 0  |8 X  |9 403120  |a FDOBUD  |b FDOBUD  |d 2019-11-22  |h indice  |i 1063006  |o 830 GOE 1827  |p 1063006  |r 2019-11-22  |t 1  |w 2019-11-22  |y BK_X  |k BUD